BSOP header

Personality plus : (Record no. 6629)

MARC details
000 -LEADER
fixed length control field 00645nam a2200193 4500
008 - FIXED-LENGTH DATA ELEMENTS--GENERAL INFORMATION
fixed length control field 020507s1992 miu engta
020 ## - INTERNATIONAL STANDARD BOOK NUMBER
International Standard Book Number 080075445X
090 ## - LOCALLY ASSIGNED LC-TYPE CALL NUMBER (OCLC); LOCAL CALL NUMBER (OCLC)
Classification number (OCLC) (R) ; Classification number, CALL (RLIN) (NR) BF698
Local cutter number (OCLC) ; Book number/undivided call number, CALL (RLIN) L71
100 1# - MAIN ENTRY--PERSONAL NAME
Personal name Littauer, Florence
245 10 - TITLE STATEMENT
Title Personality plus :
Remainder of title how to understand others by understanding yourself /
Statement of responsibility, etc Florence Littauer.
260 ## - PUBLICATION, DISTRIBUTION, ETC. (IMPRINT)
Place of publication, distribution, etc Michigan :
Name of publisher, distributor, etc Fleming H. Revell,
Date of publication, distribution, etc c1992, 1983.
300 ## - PHYSICAL DESCRIPTION
Extent 183 p.
650 #4 - SUBJECT ADDED ENTRY--TOPICAL TERM
Topical term or geographic name as entry element Christian life
Chronological subdivision 1960-.
650 #4 - SUBJECT ADDED ENTRY--TOPICAL TERM
Topical term or geographic name as entry element Personality.
650 #4 - SUBJECT ADDED ENTRY--TOPICAL TERM
Topical term or geographic name as entry element Success
General subdivision Religious aspects
-- Christianity.
650 #4 - SUBJECT ADDED ENTRY--TOPICAL TERM
Topical term or geographic name as entry element Temperament.
951 ## - EQUIVALENCE OR CROSS-REFERENCE-GEOGRAPHIC NAME/AREA NAME [OBSOLETE] [CAN/MARC only]
General subdivision 00013584
951 ## - EQUIVALENCE OR CROSS-REFERENCE-GEOGRAPHIC NAME/AREA NAME [OBSOLETE] [CAN/MARC only]
-- 14209
-- BF698/L71
-- 070613111103984
-- 2000-12-21
-- GC
Holdings
Withdrawn status Lost status Damaged status Not for loan Home library Current library Shelving location Date acquired Accession number Shelving control number Total Checkouts Full call number Barcode Date last seen Price effective from Koha item type
        BSOP Library BSOP Library GC 12/21/2000 14209 127   BF698/L71 00013584 02/23/2013 02/23/2013 Books
BSOP

Biblical Seminary of the Philippines
  All rights Reserved
  © 2024

CONTACT INFORMATION

Biblical Seminary of the Philippines,
  77-B Karuhatan Road, Valenzuela City,
  PHILIPPINES 1441
  Phone: +632 8292-6795 / 8292-6798
  Fax : +632 8292-6675
  Email: library@bsop.edu.ph